ARRUPE JESUIT UNIVERSITY

CORONAVIRUS -STOP THE SPREAD - CLEAN,DISINFECT,COVER

Schaum's outline trigonometry : (Record no. 131269)

MARC details
000 -LEADER
fixed length control field 01773cam a22004097a 4500
001 - CONTROL NUMBER
control field 16006911
003 - CONTROL NUMBER IDENTIFIER
control field ARRUPE
005 - DATE AND TIME OF LATEST TRANSACTION
control field 20220407084913.0
008 - FIXED-LENGTH DATA ELEMENTS--GENERAL INFORMATION
fixed length control field 091203s2009 nyua 001 0 eng c
010 ## - LIBRARY OF CONGRESS CONTROL NUMBER
LC control number 2009517757
020 ## - INTERNATIONAL STANDARD BOOK NUMBER
International Standard Book Number 9780071543507
020 ## - INTERNATIONAL STANDARD BOOK NUMBER
International Standard Book Number 0071543503
035 ## - SYSTEM CONTROL NUMBER
System control number (OCoLC)ocn192082883
040 ## - CATALOGING SOURCE
Original cataloging agency COO
Transcribing agency COO
Modifying agency BTCTA
-- BAKER
-- YDXCP
-- NTG
-- VP@
-- QBX
-- DLC
042 ## - AUTHENTICATION CODE
Authentication code pcc
050 00 - LIBRARY OF CONGRESS CALL NUMBER
Classification number QA531
Item number .A97 2009
082 00 - DEWEY DECIMAL CLASSIFICATION NUMBER
Classification number 516.24076
Edition number 22
300 ## - PHYSICAL DESCRIPTION
Other physical details ill. ;
Dimensions 28 cm.
100 1# - MAIN ENTRY--PERSONAL NAME
Personal name Moyer, Robert E.
9 (RLIN) 51251
245 10 - TITLE STATEMENT
Title Schaum's outline trigonometry :
Remainder of title with calculator-based solutions /
Statement of responsibility, etc Robert E. Moyer, Frank Ayres, Jr.
246 30 - VARYING FORM OF TITLE
Title proper/short title Trigonometry
250 ## - EDITION STATEMENT
Edition statement 4th ed.
260 ## - PUBLICATION, DISTRIBUTION, ETC. (IMPRINT)
Place of publication, distribution, etc New York :
Name of publisher, distributor, etc McGraw-Hill,
Date of publication, distribution, etc c2009.
300 ## - PHYSICAL DESCRIPTION
Extent viii, 201 p. :
490 0# - SERIES STATEMENT
Series statement Schaum's outline series
500 ## - GENERAL NOTE
General note Rev. ed. of: Schaum's outline of theory and problems of trigonometry / Frank Ayres, Jr., Robert E. Moyer. 1999.
500 ## - GENERAL NOTE
General note Includes index.
650 #0 - SUBJECT ADDED ENTRY--TOPICAL TERM
Topical term or geographic name as entry element Trigonometry
Form subdivision Problems, exercises, etc.
9 (RLIN) 50627
650 #0 - SUBJECT ADDED ENTRY--TOPICAL TERM
Topical term or geographic name as entry element Trigonometry
Form subdivision Outlines, syllabi, etc.
9 (RLIN) 50628
700 1# - ADDED ENTRY--PERSONAL NAME
Personal name Ayres, Frank,
Dates associated with a name 1901-1994.
9 (RLIN) 51252
700 1# - ADDED ENTRY--PERSONAL NAME
Personal name Ayres, Frank,
Dates associated with a name 1901-1994.
Title of a work Schaum's outline of theory and problems of trigonometry
9 (RLIN) 51253
856 42 - ELECTRONIC LOCATION AND ACCESS
Materials specified Contributor biographical information
Uniform Resource Identifier <a href="http://www.loc.gov/catdir/enhancements/fy1010/2009517757-b.html">http://www.loc.gov/catdir/enhancements/fy1010/2009517757-b.html</a>
856 42 - ELECTRONIC LOCATION AND ACCESS
Materials specified Publisher description
Uniform Resource Identifier <a href="http://www.loc.gov/catdir/enhancements/fy1010/2009517757-d.html">http://www.loc.gov/catdir/enhancements/fy1010/2009517757-d.html</a>
856 41 - ELECTRONIC LOCATION AND ACCESS
Materials specified Table of contents only
Uniform Resource Identifier <a href="http://www.loc.gov/catdir/enhancements/fy1010/2009517757-t.html">http://www.loc.gov/catdir/enhancements/fy1010/2009517757-t.html</a>
906 ## - LOCAL DATA ELEMENT F, LDF (RLIN)
a 7
b cbc
c pccadap
d 2
e ncip
f 20
g y-gencatlg
942 ## - ADDED ENTRY ELEMENTS (KOHA)
Source of classification or shelving scheme Library of Congress Classification
Koha item type Monograph ( Printed materials)
Holdings
Withdrawn status Lost status Source of classification or shelving scheme Damaged status Not for loan Collection code Home library Current library Shelving location Date acquired Total Checkouts Full call number Barcode Date last seen Price effective from Koha item type
    Library of Congress Classification     Main Collection ARRUPE LIBRARY ARRUPE LIBRARY Main Collection 07/04/2022   QA531 .A97 2009 46600009195 07/04/2022 07/04/2022 Monograph ( Printed materials)

 

Arrupe Library. PO Box MP320 Mt Pleasant, Harare, Zimbabwe
263 242 745411|librarian@aju.ac.zw